000 01332nam a2200349 a 4500
003 BLK
005 20231122084255.0
008 180412b bul|||||r ||||||| ||bul||
010 _aKNG00004522000
020 _a954-434-023-8
040 _aBLK
041 _aBUL
_cBUL
080 _aНемска литература
_b821.112.2
_x-93-31
_z821.112.2-93-31
100 1 _aМай, Карл
_eпърви автор
_9241916
139 _aМай, Карл
_bМ 16
245 1 0 _aТраперите "Детелиновия лист"
_bРоман за юноши : В 3 ч.
_cКарл Май; прев. Любомир Спасов.
_nЧ. 1
_pДервишът
257 _aDEU
260 _aПловдив
_bКалем-90
_c1994 -
_9209660
_n954-434-
300 _a367 с.
_c20 см
380 _aDX
500 _aОфс. изд.
653 _aромани
700 1 _aСпасов, Любомир
_eпрев.
_9363570
760 1 _aМай, Карл
_dКалем-90, 1994
_h367 с.
_nОриг. загл. Der Derwisch / Karl May. - 7 000 тир.
_tЧ. 1 Дервишът
852 _aЦб 176535
_bЦб
856 4 _qpdf
_u
856 4 _qpdf
_u
942 _cKNG
_n0
_01
944 _aCR
_c15.01.2003
_lМира Стойчева
_k30532
944 _aED
_c30.09.2016
_lф /
_kВиолета_Тройчева
999 _c3435
_d3435
999 _d3435